| 000 | 01177nam0a22002651 4500 | ||
|---|---|---|---|
| 001 | rc\2810653 | ||
| 005 | 20260406083658.0 | ||
| 035 | _a(NLR Aleph) 006936515 | ||
| 090 |
_a7601891 _c7601891 |
||
| 100 | _a20110915d1936 |||y0rusy50 ca | ||
| 101 | 0 | _arus | |
| 102 | _aRU | ||
| 105 | _aa z ||||| | ||
| 200 | 1 |
_aЖивотноводство и кормовая база районов оседания Киргизской АССР _fА. Т. Мухарджи, Н. И. Назарьевский _gПод ред. С. М. Диманштейна _gНауч.-иссл. ин-т национальностей СССр при ЦИК СССР |
|
| 210 |
_aФрунзе _cКиргосиздат _d1936 _gЦентр. тип. им. К. Ворошилова |
||
| 215 |
_aПапка, 195, [2] с. _cил. _d25х18 см. |
||
| 700 | 1 |
_aМухарджи _bА. _f1891- _gАбони |
|
| 701 | 1 |
_aНазарьевский _bН.И. |
|
| 702 | 1 |
_4340 _7ca _8rus _aДиманштейн _bС. М. _f1886-1938 _gСемен Маркович _3RU\NLR\AUTH\770278413 _92650380 |
|
| 801 | 0 |
_aRU _bNLR _gpsbo |
|
| 801 | 1 |
_aRU _bELAR _2rusmarc |
|
| 852 |
_aNLR _j36-5/130 |
||
| 942 | _cBOOK | ||
| 980 | _aNB | ||